[Event "Politiken Cup 18th"]
[Site "Copenhagen"]
[Date "1996.??.??"]
[Round "10"]
[White "Djurhuus, Rune"]
[Black "Hansen, Curt"]
[Result "1/2-1/2"]
[WhiteElo "2505"]
[BlackElo "2615"]
[Annotator "Stohl,I"]
[PlyCount "187"]
[EventDate "1996.06.??"]
[EventType "swiss"]
[EventRounds "11"]
[EventCountry "DEN"]
[SourceTitle "CBM 054"]
[Source "ChessBase"]
[SourceDate "1996.10.01"]
[SourceVersion "1"]
[SourceVersionDate "1996.10.01"]
[SourceQuality "1"]

1. e4 d6 2. d4 Nf6 3. Nc3 g6 4. Nge2 $5 {A rather unusual move.} Bg7 5. g3 O-O
6. Bg2 e5 (6... c6 7. a4 (7. O-O e5 8. h3 Nbd7 9. a4 exd4 10. Nxd4 Ne5 11. a5
Re8 12. Re1 Qe7 13. Bg5 h6 14. Bf4 Nfd7 15. Qd2 Kh7 16. Rad1 Nc5 17. b3 Ne6 18.
Nce2 Ng5 19. Bxg5 hxg5 20. f4 gxf4 21. gxf4 Bh6 22. Qc3 Nd7 23. Nf3 Nf6 24. e5
Nd5 25. Qd4 dxe5 26. Nxe5 Be6 27. c4 Nb4 $36 {Hernandez,Ya-Frey,H/Capablanca
mem-D/1996/}) 7... e5 8. O-O Re8 9. h3 Na6 10. Be3 Nc7 11. a5 exd4 12. Bxd4 Ne6
13. Be3 Nc5 14. Bxc5 dxc5 15. a6 bxa6 16. Qxd8 Rxd8 17. Rfd1 Bb7 18. f4 Ne8 19.
e5 Bf8 20. Ne4 Kg7 21. Nd2 Rd7 22. Nc4 $36 {[%csl Ra5,Ra6,Ra7,Rc5,Rc6] ׫,
Pichler,J-Schiffer,KU/BL 95/96/1996/}) 7. O-O (7. h3 $142 Nbd7 8. O-O c6 9. a4
Qc7 (9... exd4 10. Nxd4 d5 11. exd5 Nxd5 12. Nxd5 cxd5 13. Bf4 a6 14. Qd2 Nc5
15. Rfd1 Qf6 16. Qb4 Ne4 17. Be3 Re8 18. Qb3 h6 19. Re1 Be6 20. Nxe6 Rxe6 21.
Qxd5 Rae8 22. Bxe4 Rxe4 23. c3 Qf3 24. Qd1 Qf5 25. Kg2 h5 26. Qf3 $16 {
Tibensky-Zurek/Trnava II/1988/}) 10. Be3 Re8 11. g4 Nf8 12. Qd2 h5 13. g5 N6d7
14. Kh1 exd4 15. Nxd4 Nc5 16. Rad1 a5 17. Nde2 Re6 18. f4 Qe7 19. Bxc5 dxc5 20.
f5 Bxc3 21. Nxc3 Re5 22. Qd8 Qe8 23. Qc7 Re7 24. Rd8 $18 {[%cal Gd1d8] _|_<->d,
@Bologan,V-Pfleger,H/BL 95/96/1996/}) 7... c6 (7... Nc6 $1 8. dxe5 (8. h3 exd4
9. Nxd4 Nxe4 $15) 8... dxe5 $10) 8. a4 Nbd7 9. h3 (9. a5 Qc7 (9... Rb8 10. h3
b5 11. axb6 axb6 $132) 10. h3 Re8 11. Re1 Rb8 12. Be3 b5 13. axb6 axb6 14. d5
cxd5 15. Nb5 Qc6 16. Na7 Qb7 17. exd5 Ra8 18. Nc6 Rxa1 19. Qxa1 e4 20. Qa2 b5
21. Bf4 Nb6 22. Nc3 Nfxd5 23. Nxd5 Qxc6 24. Rxe4 Rxe4 25. Bxe4 Nxd5 26. Bxd5
Qxc2 27. Bxf7+ Kh8 $10 {1/2,Cuartas,C-Torres,Jo/Moscow olm/1994/}) 9... b6 (
9... Qc7 10. Be3 (10. g4 exd4 11. Nxd4 Re8 12. Bf4 Ne5 13. b3 h5 14. g5 Nh7 15.
Be3 Qa5 16. Nce2 Nd7 17. Qd2 Qxd2 18. Bxd2 Nc5 19. f3 d5 20. exd5 cxd5 21. h4
f6 22. Rae1 fxg5 23. hxg5 Ne6 24. Nxe6 Bxe6 25. f4 Rac8 26. c3 Nf8 $132 {
Vogt,L-Har Zvi,R/Altensteig/1994/}) 10... b6 11. f4 exd4 12. Nxd4 Ba6 13. Re1
Rad8 14. Nxc6 Qxc6 15. e5 d5 16. exf6 Nxf6 17. Bd4 Rfe8 18. Rxe8+ Rxe8 19. Kh2
Bb7 20. a5 Ne4 21. Bxg7 Kxg7 22. Qd4+ Qf6 23. Nb5 Qxd4 24. Nxd4 Nd6 25. g4 h6
26. h4 Re7 27. Bf3 Kf6 28. Kg3 $16 {[%csl Rb7,Rd5] _|_,ץb7,d5,Adams,M-Wolff,P/
London WFW/1989/}) 10. Be3 Bb7 11. d5 $6 $146 (11. g4 $5 a6 (11... h5 12. g5
Nh7 13. h4 exd4 14. Bxd4 Ne5 15. f4 c5 16. Bxe5 dxe5 17. f5 Qxd1 18. Raxd1 Rfd8
19. Nd5 $36 {1/2,Wilder-Benjamin,Joe/USA-ch/1986/}) 12. Ng3 h6 13. f4 exd4 14.
Bxd4 b5 15. Qd2 b4 16. Nd1 c5 17. Bf2 Re8 18. Re1 Nb6 19. Qd3 a5 20. c4 Nfd7
21. Ra2 Nf8 22. b3 Ne6 23. Ne2 Qc7 24. Ne3 Nd7 25. Rd2 Nd4 26. Nc2 Nxe2+ 27.
Rdxe2 Nf8 $13 {Klinger,J-Hansen,C/Palma GMA-op/1989/}) 11... cxd5 12. exd5 {
11.d5?! was a dubious move, as the arising pawn structure is advantageous for
Black. White will have to lose too much time to activate his Q-side pawns,
while for Black it's much easier to get his central e+f tandem going.} a6 $15 {
[%csl Ge5,Gf7]} 13. g4 $5 Ne8 14. g5 (14. Ne4 $5 h6 (14... f5 15. gxf5 gxf5 16.
Ng5 $36) 15. N4g3 b5 $5 $15 (15... f5 16. gxf5 gxf5 17. f4 $13)) 14... f5 15.
gxf6 Nexf6 16. Ng3 Rc8 $6 {Although White prevented f5, his K-side is weakened
and his only plan is to try occupying the e6-square. Black somewhat
underestimates this (16...Rc8?! doesn't seem the best move.)} (16... Qe7 $142
$5 {[%csl Rf3,Rf4,Rg4,Rh4][%cal Ya8e8,Yb7c8] /\Rae8,Bc8,׻}) 17. Nge4 Nxe4 18.
Nxe4 Qc7 (18... Nf6 $6 19. Ng5) 19. c4 (19. c3 $142 $5 Nc5 20. Ng5 $132) 19...
Nc5 20. Ng5 (20. Bxc5 bxc5 21. Ng5 Qe7 22. Ne6 Rf6 $15 {[%cal Yc8e8,Yb7c8,
Yg8h8] /\Re8,Bc8,Kh8 Black will gradually dispose of Ne6, White has no play on
the blockaded Q-side (that's why 19.c3!? was preferable.)}) 20... Bf6 21. h4 (
21. Bxc5 $2 Bxg5 $17) 21... a5 $1 22. Bh3 (22. Bxc5 Bxg5 (22... Qxc5 $5 23. Ne6
Qxc4 24. Nxf8 Rxf8 $44) 23. Bxd6 Qxd6 24. hxg5 Rxc4 $36 {[%csl Rd5,Rf2,Rg5]
[%cal Re5e4] ק,/\e4}) 22... Bxg5 $1 23. Bxg5 {Black will soon exchange the
Bh3 and retain his attacking chances against White's K. The B-pair is
short-lived.} (23. Bxc8 $2 Bxe3 24. Bxb7 Bd4 $40) 23... Rce8 $17 24. Bh6 Rf7
25. f4 Bc8 $1 {Activating his last piece gives Black a large advantage.} (25...
e4 $6 26. f5 $36) 26. Bxc8 (26. Bg2 e4 $17) 26... Qxc8 27. fxe5 Rxf1+ 28. Qxf1
{White's Bh6 gives him some swindling chances, but they are insufficient, as
now Black's Q annihilates most of his pawns.} (28. Kxf1 $2 Qh3+ 29. Kg1 Qg3+ {
[%cal Rc5d3] /\Nd3-+}) 28... Qg4+ 29. Qg2 Qxh4 30. Qh2 $8 {All forced,
otherwise Black's attack decides immediately.} Qxc4 (30... Qxh2+ $142 31. Kxh2
Rxe5 32. Bf4 (32. Rf1 $2 Rh5+ $19) 32... Re2+ 33. Kg3 Rxb2 $19) 31. Rf1 Qg4+
32. Qg2 (32. Kh1 Ne4 $19) 32... Qd4+ $6 (32... Qxg2+ 33. Kxg2 dxe5 34. d6 (34.
Kf3 Kf7) 34... Nd7 {[%cal Re8e6] /\Re6-+}) 33. Kh1 Qxe5 34. Qf2 (34. Qf3 Qe4
35. Qxe4 Nxe4 36. Kg2 Nc5 $19) 34... Qxd5+ 35. Kg1 Nd7 {Black has spoiled his
winning position only very slightly. After all, he is three P up he should be
able to gradually unravel his position.} 36. Qf4 Qe6 37. Rf2 d5 (37... g5 $5
38. Qxg5+ (38. Bxg5 Rf8) 38... Qg6 39. Rg2 Qxg5 40. Rxg5+ Kf7 41. Rg7+ Ke6 42.
Rxh7 Nc5 43. Bf4 Rg8+ $19) 38. Rf1 Qe7 (38... g5 39. Qxg5+ Qg6 40. Rf5 $1) 39.
Rf2 Ne5 {[%cal Re5f7] /\Nf7} 40. Qd4 $1 $8 Qe6 {[%cal Re6g4] /\Qg4} 41. Rf4 Rc8
(41... g5 $5 42. Bxg5 Ng6 43. Rf1 Qe4 $19) 42. b3 g5 43. Bxg5 Rc2 {Leaving the
back rank gives White some chances.} (43... Ng6 $5) 44. Qe3 d4 45. Qg3 (45.
Rxd4 $2 Nf3+ $1 46. Qxf3 Qe1+ 47. Qf1 Qg3+ $19) 45... Rc1+ 46. Kh2 Rc2+ 47. Kg1
h5 $2 (47... Ng6 48. Rxd4 $132) (47... Rc1+ 48. Kh2 Ng6 49. Rf2 (49. Rxd4 Qe2+
50. Qg2 Qh5+ $19) 49... Rc3 50. Qb8+ Qc8 $19) 48. Re4 $1 $10 {Suddenly White
wins a piece and saves the game.} Rc3 (48... Rc5 49. Bf4+ (49. Rxe5 $2 Qxe5 50.
Bf4+ Qg7) 49... Qg6 50. Rxe5 Qxg3+ 51. Bxg3 Rc3 $8 52. Rg5+ Kf7 $10) 49. Qxe5
Qxe5 50. Rxe5 {White's troubles are over, it's Black who must play accurately.}
Rxb3 51. Kf2 Rb4 $6 {Hansen is understandably depressed and nearly ends up
losing.} (51... Ra3 $142 $10) 52. Kf3 Kf7 (52... d3 $1 $10) 53. Kf4 $1 Rxa4 {
At this moment Black already has 4 pawns for the B, but his K is in grave
danger and he will gradually have to give them all away.} 54. Kf5 Ra1 55. Re7+
Kf8 56. Rb7 Rf1+ 57. Kg6 Kg8 $8 58. Rb8+ Rf8 59. Rxb6 Rf1 {A Philidor position
arose. (K opposite each other with the weaker side pushed to the back rank)
It's Black's luck this position is a draw, (only with Kb6-Kb8 or Kg6-Kg8) as
White would need more space on the right (an i-file) to break the defence.} 60.
Rd6 (60. Bf6 Rg1+ 61. Kf5 d3 $10) 60... a4 61. Rxd4 a3 62. Ra4 h4 63. Bxh4 a2
64. Rxa2 Rf7 $1 {Without the pawns Black can use stalemate possibilities to
defend himself.} 65. Ra8+ (65. Bf6 Rg7+ $1 $10) 65... Rf8 66. Ra7 Rf1 67. Bg5
Rf2 68. Re7 Rf1 (68... Rf3 $10) 69. Be3 (69. Rc7 Rf3 70. Bh4 Rf1 71. Bf6 Rg1+
72. Kf5 Rg2 $1 $8 (72... Kf8 73. Ke6 Re1+ 74. Be5 Kg8 75. Rg7+ Kf8 76. Rh7 Rg1
77. Rh8+ Rg8 78. Rh4 $1 Rg1 (78... Rg6+ 79. Bf6 Rg1 80. Ra4 Re1+ (80... Kg8 81.
Ra8+ Kh7 82. Rh8+ Kg6 83. Rg8+) 81. Be5 $18) 79. Ra4 Kg8 80. Ra8+ $18) (72...
Re1 73. Be5 Rf1+ 74. Ke6 Rf7 75. Rc2 Rb7 76. Rc8+ Kh7 77. Kf5 Rf7+ 78. Bf6 $18)
(72... Rb1 73. Bd4 Re1 (73... Rb8 74. Kg6 Kf8 75. Rh7 Rb1 76. Kf6 Kg8 77. Rg7+
Kf8 (77... Kh8 78. Ra7 Kg8 {-77...Kf8}) 78. Ra7 Kg8 79. Ra8+ Kh7 80. Kf5 Rf1+
81. Kg5 Rf8 82. Ra7+ $1 Kg8 83. Rg7+ Kh8 84. Kh5 $22) (73... Rb3 74. Ra7 Rd3
75. Be5 Rb3 76. Rg7+ Kf8 77. Rd7 Kg8 78. Kg6 Kf8 79. Kf6 Rb6+ 80. Bd6+ Ke8 81.
Ke6 $18 {with a won Philidor position.}) 74. Kf6 Re4 75. Rd7 Re2 76. Rd8+ Kh7
77. Kf5 $18) (72... Rf1+ 73. Ke6 Rg1 74. Bd4 Rd1 75. Be5 Rf1 76. Rg7+ Kf8 77.
Rh7 Rg1 78. Rh8+ Rg8 79. Rh4 $18) 73. Be5 Ra2 74. Rg7+ Kf8 75. Rd7 Kg8 $1 76.
Kg6 (76. Kf6 Ra6+ 77. Bd6 Ra1 78. Rg7+ Kh8 79. Rg2 (79. Rb7 Kg8 80. Bc5 Ra6+
81. Bb6 Ra8 82. Kg6 Kf8 83. Bc5+ (83. Bd4 Ra6+ 84. Bf6 Ke8 $10) 83... Ke8 84.
Kf6 Ra1 $10) 79... Rf1+ 80. Kg6 Kg8 81. Bc5 Rf4 82. Rg5 Rh4 83. Kf6+ Kh7 84.
Be3 Rc4 85. Rg7+ Kh8 86. Rb7 Kg8 $1 (86... Rc6+ 87. Kf7 Kh7 88. Rd7 Rc8 89. Bg5
Rb8 90. Rd1 $1 Rb7+ 91. Be7 Rb6 92. Bd6 Rb7+ 93. Kf6 Rb6 94. Rh1+ Kg8 95. Rg1+
Kh7 96. Rg7+ Kh8 (96... Kh6 97. Rd7 Ra6 98. Kf5 $18) 97. Rd7 Rb2 98. Bc5 Rc2
99. Rd5 Rc3 100. Bd6 Kg8 101. Rg5+ Kh7 102. Rh5+ Kg8 103. Be5 Rb3 (103... Ra3
104. Kg6 Kf8 105. Bd6+ Kg8 106. Rc5 $1 $18) 104. Rg5+ Kh7 105. Rg7+ Kh8 106.
Ra7 Rb6+ 107. Kf7+ Kh7 108. Bf4 $1 Rb4 109. Kf6+ Kg8 110. Ra8+ Kh7 111. Be5 Rb1
112. Ra7+ Kg8 113. Bd4 Rf1+ 114. Ke6 Rf7 115. Ra2 Rf8 116. Rh2 Re8+ 117. Kf6
Rd8 118. Rh4 Rd6+ 119. Ke7 Rh6 120. Rg4+ Kh7 121. Rg7+ Kh8 122. Ke8 $22 $18)
87. Rb8+ Kh7 88. Rb6 Rc7 89. Bd4 Rf7+ $1 $10) 76... Rf2 77. Bg3 (77. Bd4 Rf3
78. Bc5 Rg3+ 79. Kf6 Rf3+ 80. Ke6 Rc3 $1 $10) 77... Rf1 $1 $8 78. Re7 Kf8 79.
Re2 Rg1 80. Re3 Rg2 81. Kf6 Rg1 82. Bd6+ Kg8 83. Re8+ Kh7 84. Re7+ Kg8 85. Be5
Rf1+ 86. Ke6 Rf7 $1 $10) 69... Rf3 70. Bg5 Rf1 (70... Rf2 $10 {This is the
safest square for the R.}) 71. Rc7 (71. Bf6 Rg1+ 72. Kf5 Rg2 $10) 71... Rf2 72.
Rd7 (72. Bf6 Rg2+ 73. Kf5 Rg1 74. Ke6 Rg2 75. Rc8+ Kh7 76. Kf7 Rg7+ $1 $10)
72... Rf1 73. Be3 Rf3 74. Bh6 Rg3+ 75. Bg5 Rf3 76. Bh4 Rf1 77. Bf6 Rg1+ 78. Bg5
Rf1 79. Rb7 Rf2 80. Re7 Rf1 81. Be3 Rf3 82. Bh6 Rg3+ 83. Bg5 Rf3 84. Bh4 Kf8
85. Re1 Kg8 86. Re7 Kf8 87. Re4 Rf7 $1 88. Bf6 Kg8 {[%cal Rf7g7] /\Rg7=} 89.
Re8+ Rf8 90. Re7 Rf7 $1 91. Re8+ Rf8 92. Re2 Rf7 93. Rh2 Rg7+ 94. Bxg7 (94. Kf5
Rg1 $10) 1/2-1/2

[Event "Altensteig"]
[Site "Altensteig"]
[Date "1995.??.??"]
[Round "1"]
[White "Georgiev, Kiril"]
[Black "Slobodjan, Roman"]
[Result "1-0"]
[WhiteElo "2605"]
[BlackElo "2500"]
[Annotator "Stohl,I"]
[PlyCount "79"]
[EventDate "1995.08.??"]
[EventType "tourn"]
[EventRounds "11"]
[EventCountry "GER"]
[EventCategory "12"]
[SourceTitle "CBM 049"]
[Source "ChessBase"]
[SourceDate "1995.12.01"]
[SourceVersion "1"]
[SourceVersionDate "1995.12.01"]
[SourceQuality "1"]

1. e4 d6 2. d4 Nf6 3. Nc3 g6 4. Bg5 c6 5. Qd2 Bg7 6. f4 Qa5 (6... b5 $142 7.
Bd3 Qa5 (7... Qb6 8. Nf3 Bg4 9. e5 dxe5 10. dxe5 Nd5 11. Be4 e6 12. Bh4 b4 13.
Nd1 Nd7 14. Nf2 Bf5 15. Nd4 Bh6 16. Bxd5 cxd5 17. Nxf5 gxf5 18. Nd3 Qd4 19. Rf1
Qe4+ 20. Kd1 Rg8 21. Rf2 Bf8 22. Re2 Qc4 23. Be1 a5 $15 {Cvicela,
A-Rueckschloss,K/Sala op/1995/}) (7... O-O 8. O-O-O Nbd7 9. Nf3 Bb7 10. e5 b4
11. Ne4 Nxe4 12. Bxe4 f6 13. Bh4 Bh6 14. exd6 exd6 15. Qxb4 Bxf4+ 16. Kb1 Qb6
17. Be1 d5 18. Bd3 Rfe8 $13 {0,5/Bigaliev,R-Beim,V/Budapest 9/1995/}) 8. Nf3 b4
9. Ne2 d5 10. Ng3 dxe4 11. Nxe4 O-O 12. O-O Qb6 13. a3 bxa3 14. Rxa3 Nbd7 15.
Qa5 $6 Rb8 16. Nxf6+ exf6 17. Qxb6 Nxb6 18. Bh4 Nd5 19. c4 Nxf4 20. Bg3 Bh6 21.
Ne1 Nxd3 22. Bxb8 Be3+ $44 {Sorokin,M-Spangenberg,H/San Martin/1993/}) (6...
O-O 7. e5 Nd5 8. Nxd5 cxd5 9. Bd3 Nc6 10. Ne2 Bg4 11. O-O-O Re8 12. h3 Bxe2 13.
Bxe2 Qb6 14. Rhf1 Rac8 15. Kb1 f6 16. Bh4 fxe5 17. dxe5 dxe5 18. Qxd5+ e6 19.
Qb5 Qc7 20. c3 exf4 21. Qc4 $44 {Hracek,Z-Horvath,Cs/Odorheiu zt/1995/}) 7. Nf3
$146 (7. Bd3 O-O 8. Nf3 Bg4 (8... b5 $142 $5) 9. O-O Nbd7 10. Kh1 e5 $2 11.
dxe5 dxe5 12. fxe5 Nxe5 13. Nxe5 Qxe5 14. Qf4 $1 $18 {Andersen,I-Krupa,K/
Copenhagen OBRO/1993/}) 7... Nbd7 8. e5 $5 dxe5 (8... Nd5 9. exd6 exd6 10. Nxd5
Qxd5 (10... Qxd2+ $2 11. Kxd2 cxd5 12. Re1+ Kf8 13. Be7+) 11. Bd3 f6 (11... O-O
12. c4 Qe6+ 13. Kf2 {[%cal Rh1e1] /\Rhe1+-}) 12. c4 $1 Qf7 (12... Qe6+ 13. Kf2
O-O 14. f5 $1 $40) 13. Bh4 $14 {(),[+]}) 9. fxe5 Nd5 10. Ne4 $5 (10. Nxd5 Qxd2+
11. Kxd2 cxd5 12. Bd3 $14 {()_|_}) 10... Qxd2+ 11. Bxd2 O-O (11... f6 12. exf6
(12. c4 Nc7 13. exf6 Nxf6 $132 {[%csl Rd4] ><d4}) 12... N7xf6 $5 13. Nf2 (13.
Nxf6+ exf6 $10) 13... Bf5 14. Bd3 $14) 12. c4 Nc7 13. O-O-O f6 14. exf6 exf6 $6
(14... Nxf6 $142 $14) 15. Nd6 $1 Rd8 16. c5 $16 {[%csl Gd6] Now the outpost on
d6 is very strong and paralyzes Black's position. In a short time a Bishop
will take the Knight's place, but that offers no relief.} Nd5 (16... Ne8 $2 17.
Bc4+ Kf8 18. Nf7 $18) 17. Bc4 Bf8 18. Bf4 $1 N7b6 19. Bb3 Bxd6 (19... Kg7 20.
Bh6+ $1 $16) 20. Bxd6 {The Bishop pair is especially strong in this position.}
Be6 21. Rde1 Bf7 22. Nd2 $1 {White's play revolves around d6.} Nc8 23. Ne4 Kg7
(23... Nxd6 24. Nxd6 Rd7 25. Rhf1 Kg7 26. Bxd5 $1 cxd5 (26... Bxd5 27. Ne8+)
27. Rf3 $18 {[%csl Rb7,Rd5,Rf6,Rf7] ><d5,b7,f6,Bf7}) 24. Rhf1 Re8 $8 25. Bg3 h6
(25... f5 26. Ng5 h6 27. Nxf7 Kxf7 28. Be5 $40 {/\g4}) 26. Kd2 f5 27. Nc3 Nce7
(27... Nxc3 28. Rxe8 Bxe8 29. bxc3 Bf7 30. Re1 Bxb3 31. axb3 Kf7 32. Bd6 $1 $16
{[%csl Ra8,Rc8] צa8,Nc8. Black's pieces are out of play}) 28. Bd6 Nxc3 (28...
Rad8 $142 29. Re5 Nxc3 30. bxc3 Nc8 31. Rfe1 $16) 29. bxc3 {Now the Bishops
will decide, as the exchange on b3 only strengthens White's pawns.} Nd5 30.
Be5+ Kg8 31. c4 {[%csl Gd4,Gd5,Ge4,Ge5] [+],o^d4} Nb4 32. Kc3 Na6 33. Ba4 $1
Rac8 34. Bf4 Kg7 (34... g5 35. Bd6 $18) 35. Bd6 $22 $18 Kg8 36. a3 b6 {[%csl
Rc6] ><c6} (36... Kg7 37. Re5 Rxe5 38. Bxe5+ Kg8 39. Rb1 $18) 37. Rxe8+ Bxe8 (
37... Rxe8 38. Bxc6 Re3+ 39. Kd2 Rxa3 40. cxb6 Ra2+ 41. Kc3 axb6 42. Rb1 $18)
38. Re1 bxc5 39. dxc5 Nb8 40. Re7 (40. Re7 a5 (40... Nd7 41. Bxc6 Rxc6 42.
Rxe8+ $18) 41. Ra7 $18 {[%csl Ga3][%cal Ra7a5] /\Ra5,o^a3}) 1-0